The Clue In The Old Stagecoach (Record no. 8895)

MARC details
000 -LEADER
fixed length control field 01008nam a22002177a 4500
003 - CONTROL NUMBER IDENTIFIER
control field OSt
005 - DATE AND TIME OF LATEST TRANSACTION
control field 20260311001852.0
008 - FIXED-LENGTH DATA ELEMENTS--GENERAL INFORMATION
fixed length control field 260311b |||||||| |||| 00| 0 eng d
020 ## - INTERNATIONAL STANDARD BOOK NUMBER
International Standard Book Number 0448095378
040 ## - CATALOGING SOURCE
Original cataloging agency DWCK GS lib
Transcribing agency OC
082 ## - DEWEY DECIMAL CLASSIFICATION NUMBER
Classification number Fic. K26c 1988
100 ## - MAIN ENTRY--PERSONAL NAME
Personal name Keene Carolyn
245 ## - TITLE STATEMENT
Title The Clue In The Old Stagecoach
Statement of responsibility, etc. Carolyn Keene
260 ## - PUBLICATION, DISTRIBUTION, ETC.
Place of publication, distribution, etc. New York
Name of publisher, distributor, etc. Carolyn Keene
300 ## - PHYSICAL DESCRIPTION
Extent Extent- vii, 180 pages:
Other physical details illustrations ;
Dimensions 20cm
520 ## - SUMMARY, ETC.
Summary, etc. Nancy helps Mrs. Strook locate a hidden, antique stagecoach containing a secret, valuable item meant for the town of Francisville.
650 ## - SUBJECT ADDED ENTRY--TOPICAL TERM
Topical term or geographic name entry element first published in 1960. It follows Nancy Drew, along with her friends Bess and George, to Camp Merriweather near the town of Francisville, where she investigates a mystery centered on finding a long-lost, valuable stagecoach.
650 ## - SUBJECT ADDED ENTRY--TOPICAL TERM
Topical term or geographic name entry element the importance of using one's talents for the betterment of the community, rather than for personal gain.
700 ## - ADDED ENTRY--PERSONAL NAME
Personal name Carolyn Keene
942 ## - ADDED ENTRY ELEMENTS (KOHA)
Source of classification or shelving scheme Dewey Decimal Classification
Koha item type Fiction
Suppress in OPAC No

No items available.